000 00413cam a2200181 4500
001 D13226
008 090401t1950 xxu||||| |||| 00| 0 eng d
035 _a(Sirsi) u8584
041 _aeng
100 _aLeach, W. A.
245 _aUrban estate management
250 _a2nd
260 _aLondon
_bEstates Gazette
_c1950
350 _a0
520 _aShelf 118; supplement
942 _n0
948 _c04/03/1997
999 _c86534
_d86534